Veľa informácií = adekvátna cena

Bližšie ku klientovi, jednoduchšie uzatváranie zmluvy, stanovenie ceny na mieru a možno aj z toho vyplývajúce nižšie ceny. Takto by mohla vyzerať budúcnosť v poisťovníctve.

Salvato in:
Dettagli Bibliografici
Autore principale: Škriniar, Pavel, 1979-
Natura: Capitolo di libro
Lingua:slovacco
Soggetti:
Tags: Aggiungi Tag
Nessun Tag, puoi essere il primo ad aggiungerne!!

MARC

LEADER 00000naa a2200000 4500
001 0240713
005 20240502073922.3
041 0 |a slo 
044 |a SK 
245 1 0 |a Veľa informácií = adekvátna cena  |c Pavel Škriniar 
520 |a Bližšie ku klientovi, jednoduchšie uzatváranie zmluvy, stanovenie ceny na mieru a možno aj z toho vyplývajúce nižšie ceny. Takto by mohla vyzerať budúcnosť v poisťovníctve. 
610 2 0 |a poisťovníctvo 
610 2 0 |a prognózy 
610 2 0 |a spokojnosť zákazníkov 
100 1 |a Škriniar, Pavel, 1979-